[Event "Eurasia Cup op"]
[Site "Ekaterinburg"]
[Date "2019.08.08"]
[Round "9"]
[White "Chekletsova, Darya"]
[Black "Sargsyan, Alina"]
[Result "1-0"]
[WhiteElo "1704"]
[BlackElo "1298"]
[PlyCount "46"]
[EventDate "2019.07.31"]
[EventType "swiss"]
[EventRounds "9"]
[EventCountry "RUS"]
[SourceTitle "EXT 2020"]
[Source "ChessBase"]
[SourceDate "2019.10.17"]
[SourceVersion "1"]
[SourceVersionDate "2019.10.17"]
[SourceQuality "1"]

1. d4 Nf6 2. c4 g6 3. Nc3 Bg7 4. e4 d6 5. f3 0-0 6. Be3 Nbd7 7. Qd2 e5 8. d5 b6 9. g4 Bb7 10. h4 h5 11. gxh5 Nxh5 12. Qf2 Ndf6 13. Nge2 c6 14. Ng3 cxd5 15. cxd5 Rc8 16. Bg5 Rc5 17. Nxh5 gxh5 18. Rg1 Kh7 19. Qg3 Qc7 20. Be3 Rg8 21. Bxc5 Qxc5 22. Qf2 Qa5 23. Rg3 Bc8 1-0

[Event "Budapest FS05 FM"]
[Site "Budapest"]
[Date "2019.05.04"]
[Round "1"]
[White "Chekletsova, Darya"]
[Black "Szalay Ocsak, Bank"]
[Result "0-1"]
[WhiteElo "1815"]
[BlackElo "1700"]
[PlyCount "32"]
[EventDate "2019.05.04"]
[EventType "tourn"]
[EventRounds "10"]
[EventCountry "HUN"]
[SourceTitle "CBM 190 Extra"]
[Source "ChessBase"]
[SourceDate "2019.07.15"]
[SourceVersion "1"]
[SourceVersionDate "2019.07.15"]
[SourceQuality "1"]

1. d4 Nf6 2. c4 g6 3. Nc3 d5 4. cxd5 Nxd5 5. Nxd5 Qxd5 6. Bf4 Bg7 7. e3 0-0 8. Bxc7 Bf5 9. a3 Na6 10. Bg3 Rac8 11. f3 Rc2 12. Rb1 Rd8 13. Bf2 Nc5 14. g4 Nb3 15. gxf5 Qa5+ 16. Qd2 Qxd2# 0-1

[Event "St Petersburg Korchnoi Memorial op"]
[Site "St Petersburg"]
[Date "2018.08.15"]
[Round "1"]
[White "Shoboev, Dandar"]
[Black "Chekletsova, Darya"]
[Result "1-0"]
[WhiteElo "2157"]
[BlackElo "1674"]
[PlyCount "75"]
[EventDate "2018.08.15"]
[EventType "swiss"]
[EventRounds "9"]
[EventCountry "RUS"]
[SourceTitle "CBM 186 Extra"]
[Source "ChessBase"]
[SourceDate "2018.08.24"]
[SourceVersion "1"]
[SourceVersionDate "2018.08.24"]
[SourceQuality "1"]

1. d4 d5 2. c4 e6 3. Nf3 Nf6 4. g3 Be7 5. Bg2 0-0 6. 0-0 Nbd7 7. Qd3 b6 8. Nc3 Bb7 9. Rd1 c6 10. e4 dxe4 11. Nxe4 Nxe4 12. Qxe4 Nf6 13. Qc2 Qc8 14. c5 Rd8 15. Bd2 Nd5 16. Rac1 Qc7 17. a3 h6 18. Qe4 Rac8 19. Ne5 Bf6 20. Re1 Ne7 21. Be3 Nd5 22. Bh3 Bxe5 23. dxe5 Nxe3 24. Qxe3 Ba6 25. Bg2 Bb5 26. Red1 Rxd1+ 27. Rxd1 Rd8 28. Rd6 bxc5 29. Qxc5 Rc8 30. b3 Qa5 31. h4 Qe1+ 32. Kh2 a6 33. a4 Be2 34. Qe3 Rb8 35. Rd2 Rxb3 36. Rd8+ Kh7 37. Qxb3 Qxf2 38. Qc2+ 1-0

[Event "Chigorin Memorial 25th"]
[Site "St Petersburg"]
[Date "2017.10.24"]
[Round "4"]
[White "Kairbekova, Amina"]
[Black "Chekletsova, Darya"]
[Result "1-0"]
[WhiteElo "1916"]
[BlackElo "1636"]
[PlyCount "153"]
[EventDate "2017.10.21"]
[EventType "swiss"]
[EventRounds "9"]
[EventCountry "RUS"]
[SourceTitle "CBM 181 Extra"]
[Source "ChessBase"]
[SourceDate "2017.12.12"]
[SourceVersion "1"]
[SourceVersionDate "2017.12.12"]
[SourceQuality "1"]

1. e4 c5 2. Nf3 d6 3. d4 cxd4 4. Nxd4 Nf6 5. Nc3 a6 6. Be2 Qc7 7. a4 b6 8. f4 Bb7 9. Bf3 Nbd7 10. 0-0 e6 11. Kh1 e5 12. Nf5 g6 13. Ng3 Bg7 14. f5 0-0 15. Be3 Rac8 16. Qd2 Nc5 17. Bh6 Rcd8 18. Bxg7 Kxg7 19. h4 h6 20. b4 Ncd7 21. fxg6 fxg6 22. h5 g5 23. Nf5+ Kh7 24. Qxd6 Qxd6 25. Nxd6 Ba8 26. Be2 Nb8 27. Nc4 Nxe4 28. Nxe4 Bxe4 29. c3 Rxf1+ 30. Rxf1 Nd7 31. Nd6 Bd5 32. Bd3+ e4 33. Nxe4 Bxe4 34. Bxe4+ Kg7 35. Rd1 Kf8 36. Bb7 a5 37. Rd6 Ke7 38. Rxh6 Nf6 39. Rg6 Nxh5 40. Rxg5 Rh8 41. bxa5 bxa5 42. Rxa5 Nf4+ 43. Kg1 Ne2+ 44. Kf2 Nxc3 45. Bf3 Rh4 46. Ra7+ Kd6 47. a5 Ra4 48. Ra6+ Ke5 49. Rc6 Kd4 50. a6 Ra2+ 51. Kg3 Ra3 52. Kg4 Ra5 53. Rf6 Ra2 54. Kg5 Kc5 55. Rc6+ Kb4 56. g4 Nb5 57. Kg6 Nd4 58. Rf6 Kb5 59. Bb7 Nc2 60. Rf2 Kb6 61. Kh7 Ra4 62. g5 Rh4+ 63. Kg7 Nb4 64. g6 Nd3 65. Rf6+ Ka7 66. Kg8 Ne5 67. g7 Rc4 68. Kh7 Nd7 69. Rd6 Rh4+ 70. Kg6 Rg4+ 71. Kh7 Rh4+ 72. Rh6 Rxh6+ 73. Kxh6 Nf6 74. Kg6 Ng8 75. Bd5 Ne7+ 76. Kf7 Nxd5 77. g8Q 1-0

[Event "RUS-chT blitz (Women)"]
[Site "Sochi"]
[Date "2017.10.05"]
[Round "5.3"]
[White "Chekletsova, Darya"]
[Black "Belenkaya, Dina"]
[Result "0-1"]
[WhiteElo "1636"]
[BlackElo "2346"]
[PlyCount "58"]
[EventDate "2017.10.05"]
[EventType "team-tourn (blitz)"]
[EventRounds "10"]
[EventCountry "RUS"]
[SourceTitle "CBM 181 Extra"]
[Source "ChessBase"]
[SourceDate "2017.12.12"]
[SourceVersion "1"]
[SourceVersionDate "2017.12.12"]
[SourceQuality "1"]
[WhiteTeam "Basiki Moscow Region (W)"]
[BlackTeam "St Petersburg SDYUSSHOR (W)"]
[WhiteTeamCountry "RUS"]
[BlackTeamCountry "RUS"]

1. d4 d5 2. c4 dxc4 3. e3 Nf6 4. Bxc4 e6 5. Nc3 a6 6. a4 c5 7. dxc5 Qxd1+ 8. Kxd1 Bxc5 9. Nf3 Nc6 10. Ke2 e5 11. Rd1 Bg4 12. h3 Bh5 13. g4 Bg6 14. b3 e4 15. Nd4 Nxd4+ 16. exd4 Bb4 17. Bb2 Rd8 18. d5 0-0 19. Rd2 Rfe8 20. Rad1 Nd7 21. d6 Ne5 22. Bd5 Nd3 23. Bxe4 Nxb2 24. Rxb2 Bxc3 25. Rc2 Rxe4+ 26. Kd3 Rd4+ 27. Kxc3 Rxd1 28. Rd2 Rxd2 29. Kxd2 Rxd6+ 0-1

[Event "RUS-chT blitz (Women)"]
[Site "Sochi"]
[Date "2017.10.05"]
[Round "7.3"]
[White "Chekletsova, Darya"]
[Black "Nechaeva, Marina"]
[Result "0-1"]
[WhiteElo "1636"]
[BlackElo "2431"]
[PlyCount "54"]
[EventDate "2017.10.05"]
[EventType "team-tourn (blitz)"]
[EventRounds "10"]
[EventCountry "RUS"]
[SourceTitle "CBM 181 Extra"]
[Source "ChessBase"]
[SourceDate "2017.12.12"]
[SourceVersion "1"]
[SourceVersionDate "2017.12.12"]
[SourceQuality "1"]
[WhiteTeam "Basiki Moscow Region (W)"]
[BlackTeam "Khanty Mansyisk Yugra (W)"]
[WhiteTeamCountry "RUS"]
[BlackTeamCountry "RUS"]

1. d4 d5 2. c4 c6 3. cxd5 cxd5 4. Nc3 Nf6 5. Bg5 Nc6 6. Nf3 e6 7. e3 h6 8. Bh4 g5 9. Bg3 Nh5 10. Bd3 Nxg3 11. hxg3 Bg7 12. a3 0-0 13. 0-0 Re8 14. Kh2 a6 15. Rh1 g4 16. Nd2 e5 17. dxe5 d4 18. exd4 Qxd4 19. Bb1 Qxe5 20. Nde4 Be6 21. Qc2 Nd4 22. Qd1 Rad8 23. Qa4 b5 24. Qxa6 Ne2 25. Qxb5 Qxb5 26. Nxb5 Rd5 27. Nc7 Rh5# 0-1

[Event "RUS-chT blitz (Women)"]
[Site "Sochi"]
[Date "2017.10.05"]
[Round "10.2"]
[White "Chekletsova, Darya"]
[Black "Potapova, Margarita"]
[Result "0-1"]
[WhiteElo "1636"]
[BlackElo "2163"]
[PlyCount "60"]
[EventDate "2017.10.05"]
[EventType "team-tourn (blitz)"]
[EventRounds "10"]
[EventCountry "RUS"]
[SourceTitle "CBM 181 Extra"]
[Source "ChessBase"]
[SourceDate "2017.12.12"]
[SourceVersion "1"]
[SourceVersionDate "2017.12.12"]
[SourceQuality "1"]
[WhiteTeam "Basiki Moscow Region (W)"]
[BlackTeam "Cimmeria (Crimea) (W)"]
[WhiteTeamCountry "RUS"]
[BlackTeamCountry "RUS"]

1. d4 Nf6 2. c4 e6 3. Nc3 Bb4 4. Qc2 d5 5. a3 Bxc3+ 6. Qxc3 dxc4 7. Qxc4 b6 8. Bg5 0-0 9. Nf3 h6 10. Bxf6 Qxf6 11. e3 Ba6 12. Qc3 Bxf1 13. Kxf1 Rc8 14. Ke2 Nd7 15. Rhe1 c5 16. Rac1 Qg6 17. Kf1 Qh5 18. dxc5 Nxc5 19. b4 Ne4 20. Qxc8+ Rxc8 21. Rxc8+ Kh7 22. Ra8 a5 23. bxa5 bxa5 24. Ra7 Nc3 25. Rc1 Qb5+ 26. Kg1 Ne2+ 27. Kh1 Nxc1 28. Rxf7 Qf1+ 29. Ng1 Ne2 30. h3 Qxg1# 0-1

[Event "RUS-chT rapid (Women)"]
[Site "Sochi"]
[Date "2017.10.03"]
[Round "2.3"]
[White "Chekletsova, Darya"]
[Black "Nechaeva, Marina"]
[Result "0-1"]
[WhiteElo "1636"]
[BlackElo "2431"]
[PlyCount "91"]
[EventDate "2017.10.03"]
[EventType "team-tourn (rapid)"]
[EventRounds "7"]
[EventCountry "RUS"]
[SourceTitle "EXT 2018"]
[Source "ChessBase"]
[SourceDate "2017.10.13"]
[SourceVersion "1"]
[SourceVersionDate "2017.10.13"]
[SourceQuality "1"]
[WhiteTeam "Basiki Moscow Region (W)"]
[BlackTeam "Khanty Mansyisk Yugra (W)"]
[WhiteTeamCountry "RUS"]
[BlackTeamCountry "RUS"]

1. d4 d5 2. c4 c6 3. cxd5 cxd5 4. Nc3 Nf6 5. Nf3 Nc6 6. Bf4 e6 7. e3 Nh5 8. Bg3 Nxg3 9. hxg3 g6 10. Bd3 Bg7 11. 0-0 0-0 12. Kh2 Re8 13. Rh1 a6 14. a4 e5 15. dxe5 Nxe5 16. Nxe5 Rxe5 17. Kg1 Re7 18. Qf3 Be6 19. Rh4 Rc8 20. Nd1 Rd7 21. Rb1 d4 22. exd4 Bxd4 23. Be4 Rcc7 24. Kh2 f5 25. Bd3 Bf6 26. Bf1 Bxh4 27. gxh4 Qxh4+ 28. Kg1 Qxa4 29. Nc3 Qc6 30. Qf4 Qd6 31. Qh6 Bf7 32. g3 b5 33. Bg2 Qd2 34. Qh3 Re7 35. Kh2 Qxf2 36. Rh1 Qxb2 37. Nd1 Qd2 38. Qh4 Re2 39. Qh3 Rc2 40. Rg1 Bd5 41. Ne3 Qxe3 42. Qh4 Rxg2+ 43. Rxg2 Rxg2+ 44. Kh3 g5 45. Qh5 Qc3 46. Qh4 0-1

[Event "Budapest FS03 Development"]
[Site "Budapest"]
[Date "2017.03.11"]
[Round "8"]
[White "Chekletsova, Darya"]
[Black "Bacsi, Andras"]
[Result "1-0"]
[WhiteElo "1639"]
[BlackElo "1734"]
[PlyCount "93"]
[EventDate "2017.03.04"]
[EventType "tourn"]
[EventRounds "10"]
[EventCountry "HUN"]
[SourceTitle "CBM 177 Extra"]
[Source "ChessBase"]
[SourceDate "2017.04.27"]
[SourceVersion "1"]
[SourceVersionDate "2017.04.27"]
[SourceQuality "1"]

1. d4 d5 2. c4 e6 3. Nc3 Nf6 4. Bg5 Be7 5. Nf3 0-0 6. e3 b6 7. Rc1 Bb7 8. cxd5 exd5 9. Bd3 Nbd7 10. 0-0 h6 11. Bh4 c5 12. Bb1 Ne4 13. Bxe7 Qxe7 14. Qc2 Ndf6 15. Ne5 cxd4 16. exd4 Nxc3 17. Qxc3 Rac8 18. Qd3 g6 19. Qe3 Kg7 20. Rfe1 Rxc1 21. Rxc1 Rc8 22. Rxc8 Bxc8 23. Qc3 Be6 24. h3 Ne4 25. Bxe4 dxe4 26. a3 f6 27. Ng4 Bxg4 28. hxg4 Qd7 29. Kh2 Qxg4 30. Qc7+ Kf8 31. Qb8+ Kf7 32. Qxa7+ Ke8 33. Qb8+ Kf7 34. Qc7+ Kf8 35. Qc1 Qh4+ 36. Kg1 f5 37. Qc8+ Kf7 38. Qc7+ Kf8 39. Qxb6 e3 40. Qb4+ Kf7 41. fxe3 Qg3 42. Qb7+ Kf6 43. Qc6+ Kg5 44. Qf3 Qe1+ 45. Kh2 Qh4+ 46. Qh3 Qe4 47. Qg3+ 1-0

[Event "Budapest FS03 Development"]
[Site "Budapest"]
[Date "2017.03.09"]
[Round "6"]
[White "Chekletsova, Darya"]
[Black "Szurkos, Andras"]
[Result "0-1"]
[WhiteElo "1639"]
[BlackElo "1749"]
[PlyCount "66"]
[EventDate "2017.03.04"]
[EventType "tourn"]
[EventRounds "10"]
[EventCountry "HUN"]
[SourceTitle "CBM 177 Extra"]
[Source "ChessBase"]
[SourceDate "2017.04.27"]
[SourceVersion "1"]
[SourceVersionDate "2017.04.27"]
[SourceQuality "1"]

1. d4 Nf6 2. c4 e5 3. dxe5 Ne4 4. Nf3 Nc6 5. a3 d6 6. Nbd2 Bf5 7. exd6 Bxd6 8. Nxe4 Bxe4 9. e3 Qf6 10. Be2 Rd8 11. Qa4 Be5 12. Qb3 0-0 13. 0-0 b6 14. Nxe5 Nxe5 15. f3 Bd3 16. Bxd3 Rxd3 17. Qc2 Rfd8 18. e4 Qd6 19. Bf4 Qd4+ 20. Kh1 Nxc4 21. Rab1 c5 22. Rfc1 Nxb2 23. h3 Na4 24. Be5 Qd7 25. Qa2 h6 26. Kh2 Kh7 27. Rc2 f6 28. Ba1 Qd6+ 29. Kh1 Qg3 30. Rg1 Rd1 31. Rc1 R8d2 32. Qe6 Rxc1 33. Rxc1 Qxg2# 0-1

[Event "Moscow op-B (Women) 13th"]
[Site "Moscow"]
[Date "2017.01.29"]
[Round "2"]
[White "Chekletsova, Darya"]
[Black "Velichko, Tatiana"]
[Result "0-1"]
[WhiteElo "1723"]
[BlackElo "1927"]
[PlyCount "86"]
[EventDate "2017.01.28"]
[EventType "swiss"]
[EventRounds "9"]
[EventCountry "RUS"]
[SourceTitle "EXT 2018"]
[Source "ChessBase"]
[SourceDate "2017.10.13"]
[SourceVersion "1"]
[SourceVersionDate "2017.10.13"]
[SourceQuality "1"]

1. d4 f5 2. c4 e6 3. Nc3 Nf6 4. Nf3 Bb4 5. Qb3 Bxc3+ 6. Qxc3 0-0 7. Bf4 b6 8. e3 Bb7 9. Be2 d6 10. 0-0 Nbd7 11. Rfd1 Ne4 12. Qc2 Ndf6 13. Ng5 Qe8 14. Bf3 h6 15. Nxe4 Nxe4 16. d5 Nf6 17. Rd2 Qg6 18. Kh1 e5 19. Bg3 Ng4 20. Bxg4 Qxg4 21. h3 Qg5 22. Bh2 Rae8 23. Re2 Bc8 24. f4 Qh5 25. Rae1 exf4 26. exf4 Rxe2 27. Rxe2 Re8 28. Rxe8+ Qxe8 29. Qc3 Qe4 30. a3 Bd7 31. b3 c6 32. dxc6 Bxc6 33. Qb2 Qd3 34. Bg1 Qxh3+ 35. Bh2 Qd3 36. Qa2 Qf1+ 37. Bg1 Qxf4 38. b4 Qe4 39. Qd2 f4 40. Kh2 f3 41. gxf3 Qxf3 42. Be3 h5 43. Qxd6 Qg2# 0-1

[Event "Palma de Mallorca Arenal op"]
[Site "Palma de Mallorca"]
[Date "2016.10.23"]
[Round "7"]
[White "Nadal Bestard, Sebastian"]
[Black "Chekletsova, Darya"]
[Result "1-0"]
[WhiteElo "1822"]
[BlackElo "1696"]
[PlyCount "71"]
[EventDate "2016.10.20"]
[EventType "swiss"]
[EventRounds "7"]
[EventCountry "ESP"]
[SourceTitle "EXT 2018"]
[Source "ChessBase"]
[SourceDate "2017.10.13"]
[SourceVersion "1"]
[SourceVersionDate "2017.10.13"]
[SourceQuality "1"]

1. c4 c5 2. g3 g6 3. Bg2 Bg7 4. Nc3 Nf6 5. Nf3 Nc6 6. 0-0 0-0 7. Rb1 d6 8. a3 Bf5 9. d3 Rc8 10. b4 cxb4 11. axb4 Qb6 12. Be3 Qc7 13. Nb5 Qb8 14. Nbd4 Bd7 15. Nxc6 Bxc6 16. Qb3 d5 17. c5 b6 18. b5 Be8 19. c6 a6 20. Bf4 Qa8 21. Ra1 a5 22. Ra4 h6 23. e4 dxe4 24. dxe4 Nxe4 25. Rxe4 Rd8 26. Rxe7 Bf6 27. Re4 Qa7 28. Bxh6 Bg7 29. Bg5 Rc8 30. Be7 Bxc6 31. bxc6 Rfe8 32. Rfe1 Rxc6 33. Ng5 Qb8 34. Qxf7+ Kh8 35. Rh4+ Bh6 36. Qh7# 1-0

[Event "Chigorin Memorial 23rd"]
[Site "St Petersburg"]
[Date "2015.10.08"]
[Round "6"]
[White "Shugalei, Mikhail"]
[Black "Chekletsova, Darya"]
[Result "1-0"]
[WhiteElo "1663"]
[BlackElo "1495"]
[PlyCount "55"]
[EventDate "2015.10.03"]
[EventType "swiss"]
[EventRounds "9"]
[EventCountry "RUS"]
[SourceTitle "CBM 168 Extra"]
[Source "ChessBase"]
[SourceDate "2015.10.29"]
[SourceVersion "1"]
[SourceVersionDate "2015.10.29"]
[SourceQuality "1"]

1. Nf3 d5 2. e3 Nf6 3. c4 c6 4. d4 Bf5 5. Nc3 e6 6. Be2 Be7 7. 0-0 Nbd7 8. Nh4 Bg6 9. cxd5 cxd5 10. Nxg6 hxg6 11. h3 g5 12. f3 a6 13. e4 dxe4 14. Bxg5 exf3 15. Bxf3 Qc7 16. Ne4 Nxe4 17. Bxe7 Ng3 18. Rc1 Qb6 19. Bc5 Qxb2 20. Rf2 Qb5 21. Rb1 Qa5 22. Bxb7 Rd8 23. Bc6 Qc7 24. Qf3 Nf5 25. Rb7 Qc8 26. Qxf5 Rf8 27. Qxe6+ fxe6 28. Rxf8# 1-0